BISHNU PRIYA MANIPURI (Record no. 5456)
[ view plain ]
| 000 -LEADER | |
|---|---|
| fixed length control field | 00380cam a2200157ua 4500 |
| 008 - FIXED-LENGTH DATA ELEMENTS--GENERAL INFORMATION | |
| fixed length control field | 120411n II |||gr||||Z||||||asm |
| 040 ## - CATALOGING SOURCE | |
| Original cataloging agency | MAIN |
| 041 ## - LANGUAGE CODE | |
| -- | English |
| 082 ## - DEWEY DECIMAL CLASSIFICATION NUMBER | |
| Classification number | 920 SIN |
| 100 ## - MAIN ENTRY--PERSONAL NAME | |
| Personal name | SINGHA , JUMAL MAHIDEV. |
| 245 ## - TITLE STATEMENT | |
| Title | BISHNU PRIYA MANIPURI |
| 260 ## - PUBLICATION, DISTRIBUTION, ETC. | |
| Place of publication, distribution, etc. | JORHAT |
| Name of publisher, distributor, etc. | AXOM SAHITYA SABHA |
| 942 ## - ADDED ENTRY ELEMENTS (KOHA) | |
| Koha item type | Books |
| 653 ## - INDEX TERM--UNCONTROLLED | |
| Uncontrolled term | Biography, genealogy & insignia |
| Withdrawn status | Lost status | Damaged status | Not for loan | Collection code | Home library | Current library | Shelving location | Date acquired | Full call number | Barcode | Date last seen | Copy number | Price effective from | Koha item type |
|---|---|---|---|---|---|---|---|---|---|---|---|---|---|---|
| General Reference | Central Library and Information Centre Sibsagar Girls College | Central Library and Information Centre Sibsagar Girls College | Biography | 02.05.1979 | 920 SIN | 05108 | 27.02.2020 | 1 | 27.02.2020 | Books |